G30-连霍高速公路途径行政区 - Statistics

General Stats
  • This quiz has been taken 25 times
  • The average score is 27 of 39
Answer Stats
序号 行政区 备注 % Correct
1 连云港
100%
2 徐州
100%
3 宿州
90%
5 开封
90%
6 郑州
90%
7 洛阳
90%
8 三门峡
90%
9 渭南
90%
10 西安 主段
90%
11 咸阳 帽耳刘枢纽
90%
4 商丘
86%
39 伊犁州 主段
71%
12 西安 长安段
67%
13 咸阳 咸阳南互通
67%
14 西安 沣渭枢纽
67%
15 咸阳 主段
67%
16 宝鸡
67%
17 天水
67%
19 兰州
67%
20 武威
67%
21 金昌
67%
22 张掖
67%
23 酒泉 市区段
67%
25 酒泉 西段
67%
26 哈密 东段
67%
24 嘉峪关
62%
18 定西
57%
28 哈密 大泉湾段
57%
31 吐鲁番
57%
32 乌鲁木齐
57%
33 昌吉州
57%
34 石河子
57%
38 博尔塔拉州
57%
27 新星 红星四场互通
52%
30 哈密 市区段
52%
36 伊犁州 奎屯段
52%
37 塔城地区 乌苏段
52%
29 新星 城区段
48%
35 塔城地区 沙湾段
43%
No matching quizzes found
Score Distribution
Percent of People with Each Score
Percentile by Number Answered
Your Score History
You have not taken this quiz